Omotropia

Guardat en:
Dades bibliogràfiques
Autor principal: Spijker, van de Herman
Format: Llibre
Idioma:idioma desconegut
Publicat: Torino Gruppo Abele 1983
Etiquetes: Afegir etiqueta
Sense etiquetes, Sigues el primer a etiquetar aquest registre!

MARC

LEADER 00000nam a2200000Ia 4500
001 24
003 NUMERAZIONE-ORIGINALE-BRESCIA
005 20260206230747.0
008 260206s9999 xx 000 0 und d
100 |a Spijker, van de Herman 
245 0 |a Omotropia 
260 |a Torino 
260 |b Gruppo Abele 
260 |c 1983 
500 |a Un discorso diverso sull'omosessualit  
942 |2 ddc  |c BK  |n 0 
952 |0 0  |1 0  |2 ddc  |4 0  |6 14  |7 0  |9 28202  |a BS  |b BS  |d 2026-02-06  |i 24  |l 0  |o 1-4-*  |r 2026-02-06 22:40:30  |w 2026-02-06  |x [REVISIONARE]  |y BK 
999 |c 23906  |d 23906